Admiralty manual of navigation (Record no. 3029)

000 -LEADER
fixed length control field 00406nam a2200157Ia 4500
008 - FIXED-LENGTH DATA ELEMENTS--GENERAL INFORMATION
fixed length control field 200103s9999||||xx |||||||||||||| ||und||
020 ## - INTERNATIONAL STANDARD BOOK NUMBER
International Standard Book Number 9780117728806
082 ## - DEWEY DECIMAL CLASSIFICATION NUMBER
Classification number 623.89
Item number MOD
100 ## - MAIN ENTRY--PERSONAL NAME
Personal name Ministry of Defence (Navy)
245 #0 - TITLE STATEMENT
Title Admiralty manual of navigation
250 ## - EDITION STATEMENT
Edition statement Vol. 1 & 2
260 ## - PUBLICATION, DISTRIBUTION, ETC. (IMPRINT)
Name of publisher, distributor, etc Ministry of Defence
Date of publication, distribution, etc 1987
Place of publication, distribution, etc London
300 ## - PHYSICAL DESCRIPTION
Extent xviii, 697p.
650 ## - SUBJECT ADDED ENTRY--TOPICAL TERM
Topical term or geographic name as entry element Navigation
942 ## - ADDED ENTRY ELEMENTS (KOHA)
Item type Books
Holdings
Withdrawn status Lost status Source of classification or shelving scheme Damaged status Not for loan Collection code Permanent location Current location Shelving location Date acquired Full call number Barcode Date last seen Koha item type Public note
          Non-fiction IMU-MPC Library IMU-MPC Library General Stacks 2022-07-06 623.89 GBA LBS13022 2025-03-17 Books Column-16
          Non-fiction IMU-MPC Library IMU-MPC Library General Stacks 2022-07-06 623.89 GBA LBS10044 2025-03-17 Books Column-16
          Non-fiction IMU-MPC Library IMU-MPC Library General Stacks 2022-07-06 623.89 GBA LBS11802 2025-03-17 Books Column-16
          Non-fiction IMU-MPC Library IMU-MPC Library General Stacks 2022-07-06 623.89 GBA MPC4028 2025-03-17 Books Column-16
          Non-fiction IMU-MPC Library IMU-MPC Library General Stacks 2022-07-06 623.89 MOD LBS11803 2025-03-17 Books Column-16
Copyright © 2021 Indian Maritime University, Mumbai Port Campus. All Rights Reserved. Managed & Maintained by Central Library, IMU-Mumbai

webs counters

Powered by Koha